<?xml version="1.0" encoding="UTF-8"?>
<collection xmlns="http://www.loc.gov/MARC21/slim">
 <record>
  <leader>01195nmm a2200205   4500</leader>
  <controlfield tag="001">1/20389</controlfield>
  <controlfield tag="008">031112s2000    xxu                 eng d</controlfield>
  <datafield tag="035" ind1=" " ind2=" ">
   <subfield code="l">20978</subfield>
  </datafield>
  <datafield tag="040" ind1=" " ind2=" ">
   <subfield code="a">GR-PeUP</subfield>
  </datafield>
  <datafield tag="082" ind1="0" ind2="0">
   <subfield code="a">CD-ROM 005.7'13769 MI</subfield>
  </datafield>
  <datafield tag="245" ind1="0" ind2="0">
   <subfield code="a">Microsoft windows 2000 server resource kit supplement one</subfield>
   <subfield code="h">[computer file] /</subfield>
   <subfield code="c">Microsoft Corporation.</subfield>
  </datafield>
  <datafield tag="256" ind1=" " ind2=" ">
   <subfield code="a">Computer document</subfield>
  </datafield>
  <datafield tag="260" ind1=" " ind2=" ">
   <subfield code="a">Redmond, Wash. :</subfield>
   <subfield code="b">Microsoft Press,</subfield>
   <subfield code="c">c2000.</subfield>
  </datafield>
  <datafield tag="500" ind1=" " ind2=" ">
   <subfield code="a">Περιλαμβάνει ευρετήρια.</subfield>
  </datafield>
  <datafield tag="505" ind1="0" ind2=" ">
   <subfield code="a">[1]. Microsoft Windows 2000 server deployment planning guide -- [2]. Microsoft Windows 2000 server distributed systems guide -- [3]. Microsoft Windows 2000 server TCP/IP core networking guide -- [4]. Microsoft Windows 2000 server internetworking guide -- [5]. Microsoft Windows 2000 server operations guide -- [6]. Microsoft internet information services 5.0 resource guide -- [7]. Microsoft internet Explorer 5 resource kit.</subfield>
  </datafield>
  <datafield tag="538" ind1=" " ind2=" ">
   <subfield code="a">Mode of access: Internet via World Wide Web.</subfield>
  </datafield>
  <datafield tag="650" ind1=" " ind2="4">
   <subfield code="a">Microsoft Windows server.</subfield>
  </datafield>
  <datafield tag="650" ind1=" " ind2="4">
   <subfield code="a">Operating systems (Computers).</subfield>
  </datafield>
  <datafield tag="710" ind1="2" ind2=" ">
   <subfield code="a">Microsoft Corporation.</subfield>
  </datafield>
  <datafield tag="852" ind1=" " ind2=" ">
   <subfield code="a">INST</subfield>
   <subfield code="b">UNIPILB</subfield>
   <subfield code="c">MMEDIA</subfield>
   <subfield code="e">20040709</subfield>
   <subfield code="h">CD-ROM 005.7'13769 MI</subfield>
   <subfield code="p">00142429</subfield>
   <subfield code="q">00142429</subfield>
   <subfield code="t">NOLOAN</subfield>
   <subfield code="y">23</subfield>
   <subfield code="4">1</subfield>
  </datafield>
 </record>
</collection>
